02078nam a2200409 i 4500001001000000003000900010005001700019007000300036008004100039020001500080040003000095041000800125082002900133100005000162245017900212246010500391264004700496300005100543336002700594337003400621338003100655490002500686590002600711650003800737650005000775650003700825650003100862650006100893700005100954700004301005910003701048942001401085952014101099952014601240952026501386999001701651000036007DO-SdBNP20250129091428.0ta111122s2002 dr ac 000 0 spa d a9993487732 aDO-SdBNPbspacBNPHUerda aspa 4a709.7293bM647m 20022221 aMiller, Jeannette,d1944-eautor4aut.98348410a1844-2000 arte dominicano escultura, instalaciones, medios no tradicionales y arte vitral /cJeannette Miller, María Ugarte ; coordinador editorial, José Rafael Lantigua.10aMil ochocientos cuarenta y cuatro al dos mil arte dominicano, medios no tradicionales y arte vitral. 4aSanto Domingo :bEditora CODETEL,c©2002. a397 páginas :bilstraciones, fotos ;c28 cm. atextobtxt2rdacontent asin mediación bn2rdamedia avolumen bnc2rdacarrier  aCultura CODETEL ;v5 aInventariado, 2018/LP 4aArte dominicano962043vSiglo XIX 4aArte dominicano xHistoria y1844-2000986405 4aArte dominicanovSiglo XX986060 4aPintura mural9594162LEMB 4aModernismo ( arte )zRepública Dominicana9620442LEMB1 aUgarte, Maríad1914-20114aut.eautor9240781 aLantigua, Rafael, 4ed.eeditor986495 aValidado. Control de calidad MFF 2ddccLBS1 00102ddc51708PDaBNPHUbBNPHUcHDd2011-11-22l0oBNPHU PD 709.7293 M647m 2002p36007-10r2020-06-25w2020-06-25yLBS1ZNo se presta 00102ddc51708PDaBNPHUbBNPHUcHDd2019-02-07l0oBNPHU PD 709.7293 M647m 2002p36007-20r2020-06-25te.2w2020-06-25yLBS1ZNo se presta 00102ddc56708DSaBNPHUbBNPHUcHDd2025-01-27eDonado por la Presidencia de la República Dominicana 2023.l0oBNPHU DS 709.7293 M647m 2002p2025-0481r2025-01-27te.3w2025-01-27yLBS1zPerteneció a la biblioteca personal de René Rodríguez Soriano. c35498d35498